000 00659nam a2200241Ia 4500
003 OSt
005 20221007074137.0
006 a|||||r|||| 00| 0
007 ta
008 221006b |||||||| |||| 00| 0 eng d
024 _a15,278
037 _cTextual
040 _aFLL
_cFLL
_beng
041 _2eng
_aeng
082 _aX:9582:Z2qN52:9, L0
100 _aPrasad N.G.R. Au.
_9692579
245 0 _aEmployees' provident funds act, 1952
250 _a6th
260 _aMadras
_bMadras book agency India
_c1970
300 _a142p
_ccm.
942 _hX:9582:Z2qN52:9, L0
_cTEXL
_2CC
999 _c1151307
_d1151307